| 000 | 00442nam a2200157 4500 | ||
|---|---|---|---|
| 001 | 112202 | ||
| 003 | ES-MaACL | ||
| 005 | 20230906185454.0 | ||
| 007 | t| | ||
| 008 | 061121s1969 sp r ||||1| spa d | ||
| 100 | 1 |
_aMuñoz Alonso, Adolfo. _984346 |
|
| 245 | 1 | 3 |
_aUn pensador para un pueblo / _cAdolfo Muñoz Alonso. |
| 260 |
_aMadrid : _bAlmena, _c1969. |
||
| 300 |
_a525 p. con 1 lám. ; _c23 cm. |
||
| 852 |
_aES-MaACL _jC-38193 _bR.71518 |
||
| 999 |
_c112202 _d112202 |
||